Top 10 krajów z największymi zasobami złota - Statystyki

Ogólne statystyki
  • Ten quiz został rozwiązany 33 razy
  • Średni wynik to 9 z 10
Statystyki odpowiedzi
Zasoby Kraj % Poprawnych
8 113.5 t Stany Zjednoczone
100%
2 292,3 t Chiny
93%
2 437,0 t Francja
93%
2 332,7 t Rosja
93%
3 351.2 t Niemcy
89%
2 451,8 t Włochy
89%
879,6 t Indie
86%
845,9 t Japonia
82%
1 039,9 t Szwajcaria
71%
623,9 t Turcja
64%
Nie znaleziono quizów pasujących do podanych kryteriów
Rozkład punktacji
Procent ludzi z każdym wynikiem
Percentyl według liczby udzielonych odpowiedzi
Twoja historia wyników
Nie rozwiązałeś tego quizu